000 00962cam a2200253 a 4500
008 060810s2007 flua b 001 0 eng
020 _a1932159630 (hardcover : alk. paper)
020 _a9781932159639 (hardcover : alk. paper)
020 _a9788131522431
040 _aDLC
_cDLC
_dBAKER
_dC#P
_dIXA
_dBTCTA
_dDLC
082 0 0 _a658.723/SA13p
_222
100 1 _aSabri, Ehap H. et.al
245 1 0 _aPurchase order management best practices :
_bprocess, technology, and change management /
260 _aDelhi:
_bJRoss Publishing,
_c2007.
300 _axxiii, 219 p. :
_billus. ;
_c24 cm.
504 _aBibliography at the end of each chapters
650 0 _aIndustrial procurement
_xManagement.
650 0 _apurchasing
650 0 _aBusiness logistics
_xTechnological innovations.
700 1 _aGupta, Arun P.,
700 1 _aBeitler, Michael A.
856 4 1 _3Table of contents only
_uhttp://www.loc.gov/catdir/toc/ecip0619/2006025682.html
942 _2ddc
_cGEN
999 _c77224
_d77213